All about Lines - Statistics

General Stats
  • This quiz has been taken 9 times
  • The average score is 7 of 15
Answer Stats
Hint Answer % Correct
Sealing a deal via a written contract usually requires a signature on the ______ line. Dotted line
89%
"I walk the line" was a 1956 hit for this legendary American singer. Johnny Cash
89%
A synchronized physical activity, accompanied by music. Line dancing
78%
"Doing a line" is a slang reference to what activity? Snorting cocaine
78%
"Line in the Sand" was a 2004 song by what famous heavy metal band (known for having an umlaut in their name)? Motörhead
56%
A suggestive and often provocative compliment intended to spark further interaction with a person of romantic interest Pick-up line
56%
In Australia, the Barassi Line separates the part of the country where Australian Rules Football is dominant from the part that prefers to play _____. Rugby
56%
Companies that provide air transport services for traveling passengers and freight. Airlines
44%
A term indicating straight and unimpeded travel to a location. Hint: Insect beeline
44%
"Telephone Line" was a hit 1976 ballad for which English rock band commonly abbreviated to an acronym? Electric Light Orchestra
33%
In biology, the Wallace Line passes mostly through which archipelago country, denoting different evolutionary origins of fauna on either side? Indonesia
33%
The Line Islands that straddle both the equator and International Date Line mostly belong to this Pacific country. Kiribati
33%
The Traveling Wilburys recorded this railway-themed hit song, ironically just before Roy Orbison's death. End of the Line
22%
Among sociobiologists and dissident right-wing intellectuals, the oft-mentioned Hajnal Line demarcates an area of Europe unique in its "higher quality" nuptial metrics, bordered in the East by what major city? St Petersburg or Trieste
11%
In mathematics, this line is used to indicate an axis of reflection. Line of symmetry
0%
No matching quizzes found
Score Distribution
Percent of People with Each Score
Percentile by Number Answered
Your Score History
You have not taken this quiz